| 000 | 00821nam a22002531a 4500 | ||
|---|---|---|---|
| 003 | DO-SdBNP | ||
| 005 | 20240301143455.0 | ||
| 007 | ta | ||
| 008 | 220602b2019 dr ||||| |||| 00| 0 spa d | ||
| 020 | _a9789945169942 | ||
| 040 |
_aDO-SdBNP _bspa _cBNPHU |
||
| 082 | 4 |
_aRD861.5 _bG216p _222 |
|
| 100 | 1 |
_aGarcía Beato, Vicente, _d1998 _981754 |
|
| 245 | 1 | 0 |
_aPoesías en carne viva / _cVicente García Beato ; prólogo Ana Sanabia Paulino |
| 260 |
_aSanto Domingo : _bBúho, _c2019. |
||
| 300 |
_a56 p. ; _c22 cm. |
||
| 500 | _aIncluye datos biográficos del autor en las solapas | ||
| 590 | _aInventariado, 2022/BT | ||
| 650 | 4 | _aPoesía dominicana | |
| 650 | 4 | _aLiteratura dominicana | |
| 700 | 1 |
_aSanabia Paulino, Ana, _epról. _981755 |
|
| 910 | _aBtavárez/Validado. Control de calidad MFF | ||
| 942 |
_2ddc _cLBS1 |
||
| 999 |
_c51885 _d51885 |
||